<?xml version="1.0" encoding="UTF-8"?>
<record
    xmlns:xsi="http://www.w3.org/2001/XMLSchema-instance"
    xsi:schemaLocation="http://www.loc.gov/MARC21/slim http://www.loc.gov/standards/marcxml/schema/MARC21slim.xsd"
    xmlns="http://www.loc.gov/MARC21/slim">

  <leader>01474nam0a2200349   4500</leader>
  <controlfield tag="001">RU\NLR\BIBL_A\022572441</controlfield>
  <controlfield tag="005">20260420050019.0</controlfield>
  <datafield tag="010" ind1=" " ind2=" ">
    <subfield code="a">978-5-7992-1184-4</subfield>
    <subfield code="9">500</subfield>
  </datafield>
  <datafield tag="021" ind1=" " ind2=" ">
    <subfield code="a">RU</subfield>
    <subfield code="b">&#x41A;&#x41D;-&#x41F;-25-022839</subfield>
    <subfield code="9">&#x41A;&#x41D;-&#x41F;-25-2302</subfield>
  </datafield>
  <datafield tag="021" ind1=" " ind2=" ">
    <subfield code="a">RU</subfield>
    <subfield code="b">&#x41A;&#x41D;-&#x41F;-25-022839</subfield>
    <subfield code="9">&#x41A;&#x41D;-&#x41F;-25-2569</subfield>
  </datafield>
  <datafield tag="035" ind1=" " ind2=" ">
    <subfield code="a">(NLR Aleph) 022572441</subfield>
  </datafield>
  <datafield tag="090" ind1=" " ind2=" ">
    <subfield code="a">13675888</subfield>
    <subfield code="c">13675888</subfield>
  </datafield>
  <datafield tag="100" ind1=" " ind2=" ">
    <subfield code="a">20250623d2025    k  y0rusy50      ca</subfield>
  </datafield>
  <datafield tag="101" ind1="0" ind2=" ">
    <subfield code="a">rus</subfield>
  </datafield>
  <datafield tag="102" ind1=" " ind2=" ">
    <subfield code="a">RU</subfield>
  </datafield>
  <datafield tag="105" ind1=" " ind2=" ">
    <subfield code="a">ah  z   000yd</subfield>
  </datafield>
  <datafield tag="181" ind1=" " ind2="0">
    <subfield code="a">i3</subfield>
    <subfield code="b">axxe  </subfield>
  </datafield>
  <datafield tag="182" ind1=" " ind2="0">
    <subfield code="a">n</subfield>
  </datafield>
  <datafield tag="200" ind1="1" ind2=" ">
    <subfield code="a">&#x425;&#x443;&#x430;&#x434;&#x435; &#x421;&#x430;&#x444;&#x435;&#x440; &#x418;&#x441;&#x43C;&#x430;&#x438;&#x43B;&#x43E;&#x432;&#x438;&#x447;</subfield>
    <subfield code="e">&#x438;&#x437;&#x431;&#x440;&#x430;&#x43D;&#x43D;&#x43E;&#x435;</subfield>
    <subfield code="e">[&#x43C;&#x43E;&#x43D;&#x43E;&#x433;&#x440;&#x430;&#x444;&#x438;&#x44F;]</subfield>
    <subfield code="f">&#x416;&#x435;&#x43D;&#x435;&#x442;&#x43B;&#x44C; &#x41D;. &#x425;., &#x425;&#x443;&#x430;&#x434;&#x435; &#x420;. &#x410;.</subfield>
  </datafield>
  <datafield tag="203" ind1=" " ind2=" ">
    <subfield code="a">&#x422;&#x435;&#x43A;&#x441;&#x442;</subfield>
    <subfield code="b">&#x432;&#x438;&#x437;&#x443;&#x430;&#x43B;&#x44C;&#x43D;&#x44B;&#x439;</subfield>
    <subfield code="c">&#x43D;&#x435;&#x43F;&#x43E;&#x441;&#x440;&#x435;&#x434;&#x441;&#x442;&#x432;&#x435;&#x43D;&#x43D;&#x44B;&#x439;</subfield>
  </datafield>
  <datafield tag="210" ind1=" " ind2=" ">
    <subfield code="a">&#x41C;&#x430;&#x439;&#x43A;&#x43E;&#x43F;</subfield>
    <subfield code="c">&#x41F;&#x43E;&#x43B;&#x438;&#x433;&#x440;&#x430;&#x444;-&#x42E;&#x413;</subfield>
    <subfield code="d">2025</subfield>
  </datafield>
  <datafield tag="215" ind1=" " ind2=" ">
    <subfield code="a">587, [1] &#x441;., [12] &#x43B;. &#x446;&#x432;. &#x444;&#x430;&#x43A;&#x441;.</subfield>
    <subfield code="c">&#x438;&#x43B;., &#x444;&#x430;&#x43A;&#x441;.</subfield>
    <subfield code="d">21</subfield>
  </datafield>
  <datafield tag="300" ind1=" " ind2=" ">
    <subfield code="a">&#x41D;&#x430; 4-&#x439; &#x441;. &#x43E;&#x431;&#x43B;. 1-&#x439; &#x430;&#x432;&#x442;.: &#x416;&#x435;&#x43D;&#x435;&#x442;&#x43B;&#x44C; &#x41D;. &#x425;., &#x43A;&#x430;&#x43D;&#x434;. &#x438;&#x441;&#x442;. &#x43D;&#x430;&#x443;&#x43A;</subfield>
  </datafield>
  <datafield tag="600" ind1=" " ind2="1">
    <subfield code="a">&#x425;&#x443;&#x430;&#x434;&#x435;</subfield>
    <subfield code="b">&#x421;. &#x418;.</subfield>
    <subfield code="f">1935 - 2022</subfield>
    <subfield code="g">&#x421;&#x430;&#x444;&#x435;&#x440; &#x418;&#x441;&#x43C;&#x430;&#x438;&#x43B;&#x43E;&#x432;&#x438;&#x447;</subfield>
    <subfield code="9">2675614</subfield>
    <subfield code="3">RU\NLR\AUTH\6601759469</subfield>
  </datafield>
  <datafield tag="686" ind1="1" ind2=" ">
    <subfield code="a">&#x427;612.3(2&#x420;-4&#x41A;&#x440;-6&#x410;)7-8&#x425;&#x443;&#x430;&#x434;&#x435;</subfield>
  </datafield>
  <datafield tag="700" ind1=" " ind2="1">
    <subfield code="a">&#x416;&#x435;&#x43D;&#x435;&#x442;&#x43B;&#x44C;</subfield>
    <subfield code="b">&#x41D;. &#x425;.</subfield>
    <subfield code="g">&#x41D;&#x443;&#x440;&#x431;&#x438;&#x439; &#x425;&#x430;&#x437;&#x440;&#x435;&#x442;&#x43E;&#x432;&#x438;&#x447;</subfield>
  </datafield>
  <datafield tag="701" ind1=" " ind2="1">
    <subfield code="a">&#x425;&#x443;&#x430;&#x434;&#x435;</subfield>
    <subfield code="b">&#x420;. &#x410;.</subfield>
    <subfield code="g">&#x420;&#x443;&#x441;&#x43B;&#x430;&#x43D; &#x410;&#x445;&#x43C;&#x435;&#x434;&#x43E;&#x432;&#x438;&#x447;</subfield>
  </datafield>
  <datafield tag="702" ind1=" " ind2="1">
    <subfield code="a">&#x425;&#x443;&#x430;&#x434;&#x435;</subfield>
    <subfield code="b">&#x421;. &#x418;.</subfield>
    <subfield code="f">1935-2022</subfield>
    <subfield code="g">&#x421;&#x430;&#x444;&#x435;&#x440; &#x418;&#x441;&#x43C;&#x430;&#x438;&#x43B;&#x43E;&#x432;&#x438;&#x447;</subfield>
    <subfield code="4">280</subfield>
  </datafield>
  <datafield tag="942" ind1=" " ind2=" ">
    <subfield code="c">BOOK</subfield>
  </datafield>
  <datafield tag="980" ind1=" " ind2=" ">
    <subfield code="a">NB</subfield>
  </datafield>
</record>
